[Event "NATO-ch 13th"]
[Site "Brest"]
[Date "2002.10.10"]
[Round "6.25"]
[White "Ranario, Daniel"]
[Black "Akay, Zana"]
[Result "1/2-1/2"]
[WhiteElo "1813"]
[BlackElo "2005"]
[PlyCount "108"]
[EventDate "2002.10.07"]
[EventType "swiss"]
[EventRounds "7"]
[EventCountry "FRA"]
[SourceTitle "EXT 2003"]
[Source "ChessBase"]
[SourceDate "2002.11.25"]
[SourceVersion "1"]
[SourceVersionDate "2002.11.25"]
[SourceQuality "1"]

1. d4 Nf6 2. c4 e6 3. Bg5 d5 4. e3 c6 5. Nf3 Nbd7 6. Nc3 Qa5 7. Bxf6 Nxf6 8. a3 Ne4 9. Qc2 Be7 10. Bd3 Nxc3 11. bxc3 Bf6 12. 0-0 Qc7 13. Rfe1 h6 14. e4 dxe4 15. Bxe4 0-0 16. Rad1 Rd8 17. h3 Qa5 18. Qc1 Qa4 19. Ne5 Bd7 20. Ng4 Bg5 21. Ne3 c5 22. Bxb7 Rab8 23. Be4 Bc6 24. Bc2 Qa5 25. Qa1 cxd4 26. cxd4 Ba4 27. Qa2 Bxc2 28. Qxc2 Qxa3 29. Ra1 Qb2 30. Qxb2 Rxb2 31. Rxa7 Rxd4 32. c5 Bxe3 33. Rxe3 Rc4 34. Rf3 Rxc5 35. Rfxf7 Rb1+ 36. Kh2 Rg5 37. g4 h5 38. f4 Rb2+ 39. Kg3 Rg6 40. g5 e5 41. Kh4 exf4 42. Kxh5 Kh7 43. Rxf4 Rb5 44. h4 Rgb6 45. Rff7 Rh6+ 46. Kg4 Rb4+ 47. Kg3 Rb3+ 48. Kf2 Rb2+ 49. Ke3 Rb3+ 50. Kd2 Rxh4 51. Rxg7+ Kh8 52. Rgb7 Rh2+ 53. Ke1 Rxb7 54. Rxb7 Rg2 1/2-1/2

[Event "NATO-ch 13th"]
[Site "Brest"]
[Date "2002.10.??"]
[Round "7.20"]
[White "Akay, Zana"]
[Black "Falbo, Sandro"]
[Result "1-0"]
[WhiteElo "2005"]
[BlackElo "2210"]
[PlyCount "87"]
[EventDate "2002.10.07"]
[EventType "swiss"]
[EventRounds "7"]
[EventCountry "FRA"]
[SourceTitle "EXT 2003"]
[Source "ChessBase"]
[SourceDate "2002.11.25"]
[SourceVersion "1"]
[SourceVersionDate "2002.11.25"]
[SourceQuality "1"]

1. e4 d6 2. d4 Nf6 3. f3 Nbd7 4. c4 e5 5. d5 c6 6. Nc3 cxd5 7. cxd5 a6 8. a4 Be7 9. Be3 0-0 10. Bd3 Nh5 11. Nge2 Bg5 12. Bf2 Nf4 13. Nxf4 exf4 14. 0-0 Bf6 15. Rc1 Be5 16. Kh1 Qf6 17. a5 Kh8 18. Qd2 g5 19. Be2 Rg8 20. Na4 h5 21. h3 g4 22. fxg4 hxg4 23. Bxg4 Rxg4 24. hxg4 Qh6+ 25. Kg1 Nf6 26. Bd4 Nxg4 27. Bxe5+ dxe5 28. g3 Bd7 29. Nb6 Rg8 30. Nxd7 Ne3 31. Qh2 Rxg3+ 32. Kh1 Rh3 33. Rc8+ Kh7 34. Rf2 Ng4 35. Nf6+ Nxf6 36. Qxh3 Qxh3+ 37. Rh2 Qxh2+ 38. Kxh2 Nxe4 39. Rc7 Ng5 40. Rxb7 e4 41. d6 e3 42. Re7 Ne6 43. Kg2 Kg7 44. Rxe6 1-0